| 000 | 00621nam a2200193 i 4500 | ||
|---|---|---|---|
| 001 | 96066 | ||
| 003 | ES-MaACL | ||
| 005 | 20230906181830.0 | ||
| 007 | t| | ||
| 008 | 050610s1963 sp ||||1| spa d | ||
| 100 | 1 |
_aMac Burney, James Howard. _975004 |
|
| 245 | 1 | 3 |
_aEl arte de bien hablar _b: tratado de elocuencia / _cJames Mac Burney, Ernest J. Wage; traducción y adaptación de Juan Petit. |
| 260 |
_aBarcelona : _bGarriga, _c1963. |
||
| 300 |
_a506 p. ; _c24 cm. |
||
| 650 | 4 |
_aElocuencia. _9135970 |
|
| 700 | 1 |
_aWage, Ernest J. _9115826 |
|
| 700 | 1 |
_aPetit, Juan. _991508 |
|
| 852 |
_aES-MaACL _jC-23819 _bR.52473 |
||
| 999 |
_c96066 _d96066 |
||